000 00301nam a22001337a 4500
008 170608b xxu||||| |||| 00| 0 eng d
020 _a9780415110648
041 _aeng
080 _a327
100 _a18
101 _aSHP
245 _aDEMOCRATIZATION EASTERN EUROPE
_cPRIDHAM.G
942 _2udc
_cBK
999 _c16500
_d16500